000
00333nam a2200145Ia 4500
100
_a
IIT/Kanpur
650
_a
Automobiles
942
_c
RB
654
_a
machine
245
_a
9th All India Machine tool designed research conference
260
_b
IIT
_a
Kanpur
_c
1980
082
_a
621.902
_b
IIT
300
_a
29
546
_a
ENGLISH
999
_c
19882
_d
19882